Механизмы возникновения электрических токов при разрушении горных пород бурением; Проблемы геологии и освоения недр; Т. 2

Dades bibliogràfiques
Parent link:Проблемы геологии и освоения недр: труды XIV Международного симпозиума имени академика М. А. Усова студентов и молодых ученых, посвященного 65-летию Победы советского народа над фашистской Германией в Великой Отечественной войне 1941-1945 гг., 5-9 апреля 2010 г. г. Томск/ Томский политехнический университет (ТПУ), Институт геологии и нефтегазового дела (ИГНД) ; под ред. В. А. Домаренко.— , 2010.— 978-5-98298-729-7
Т. 2.— 2010.— С. 159-160
Autor principal: Епихин А. В. Антон Владимирович
Altres autors: Самохвалов М. А. Михаил Андреевич
Idioma:rus
Publicat: 2010
Matèries:
Format: MixedMaterials Capítol de llibre
KOHA link:https://koha.lib.tpu.ru/cgi-bin/koha/opac-detail.pl?biblionumber=192488

MARC

LEADER 00000naa2a2200000 4500
001 192488
005 20260114154328.0
035 |a (RuTPU)RU\TPU\book\209904 
090 |a 192488 
100 |a 20110301d2010 k y0rusy50 ca 
101 0 |a rus 
102 |a RU 
200 1 |a Механизмы возникновения электрических токов при разрушении горных пород бурением  |f А. В. Епихин  |g науч. рук. М. А. Самохвалов 
320 |a Библиогр.: 7 назв. 
461 1 |0 (RuTPU)RU\TPU\book\205901  |y 978-5-98298-729-7  |t Проблемы геологии и освоения недр  |o труды XIV Международного симпозиума имени академика М. А. Усова студентов и молодых ученых, посвященного 65-летию Победы советского народа над фашистской Германией в Великой Отечественной войне 1941-1945 гг., 5-9 апреля 2010 г. г. Томск  |o в 2 т.  |f Томский политехнический университет (ТПУ), Институт геологии и нефтегазового дела (ИГНД) ; под ред. В. А. Домаренко  |d 2010 
463 1 |0 (RuTPU)RU\TPU\book\205109  |y 978-5-98298-731-0  |t Т. 2  |v С. 159-160  |d 2010 
610 1 |a гоорные породы 
610 1 |a разрушение 
610 1 |a электрические токи 
610 1 |a труды учёных ТПУ 
700 1 |a Епихин  |b А. В.  |c специалист в области нефтегазового дела  |c старший преподаватель Томского политехнического университета  |f 1988-   |g Антон Владимирович  |3 (RuTPU)RU\TPU\pers\25759  |9 11655 
702 1 |a Самохвалов  |b М. А.  |c специалист в области нефтепромыслового оборудования  |c доцент Томского политехнического университета  |f 1948-  |g Михаил Андреевич  |3 (RuTPU)RU\TPU\pers\26126 
801 1 |a RU  |b 63413507  |c 20110301 
801 2 |a RU  |b 63413507  |c 20160111  |g RCR 
942 |c BK